Statistics for Biggest Cities in Southern England on a Map

Click here to take the quiz!

General Stats

  • This quiz has been taken 250 times
  • The average score is 21 of 36

Answers on the Map

Answers color-coded by a green-red scale on the quiz's map according to % correct below.
 

Answer Stats

PopulationAnswer% Correct
9,047,570London
99%
577,246Bristol
89%
269,750Southampton
88%
239,677Plymouth
86%
244,917Brighton and Hove
85%
248,929Portsmouth
84%
162,291Oxford
82%
148,861Cambridge
79%
197,212Norwich
79%
125,819Exeter
76%
197,383Bournemouth
73%
103,614Bath
71%
148,742Ipswich
71%
229,482Reading
68%
221,502Luton
62%
147,509Gloucester
60%
185,111Southend-on-Sea
58%
138,131Colchester
55%
192,408Swindon
53%
141,651Watford
53%
184,824Milton Keynes
52%
178,805Peterborough
51%
118,759Chelmsford
50%
159,449Poole
50%
114,809Eastbourne
47%
164,770Slough
47%
117,073Cheltenham
45%
112,198Crawley
42%
119,905Maidstone
42%
115,191Worthing
40%
114,402Basingstoke
38%
108,584Gillingham
38%
107,854Woking
36%
123,813High Wycombe
34%
117,681Basildon
31%
102,870Hemel Hempstead
27%

Score Distribution

Percentile by Number Answered

Percent of People with Each Score

Your Score History

You have not taken this quiz